Animal Crossing - Personnages spéciaux en image - Statistiques

Statistiques générales
  • Ce quiz a été pris 158 fois
    150 depuis la dernière actualisation
  • Le résultat moyen est 31 sur 72
Statistiques - réponses
Par images Réponse % Correct
Kéké
87%
Marie
82%
Tom Nook
80%
Rounard
77%
Méli & Mélo
75%
Blaise
71%
Sarah
71%
Amiral
69%
Céleste
68%
Cousette
65%
Gulliver
63%
Charly
62%
Racine
62%
Tortimer
62%
Resetti
61%
Serge
61%
Thibou
60%
Astrid
57%
Robusto
57%
Carla
56%
Layette
56%
Risette
56%
Tiquette
56%
Joe
55%
Pascal
55%
Albin
54%
Lou
52%
Ciboulot
50%
Ginette
50%
Gyroïde
49%
Max
48%
Porcelette
48%
Rodolphe
48%
Djason
47%
Yétiti
43%
Lionel
42%
Antoine
41%
Pollux
40%
Porcella
40%
Serena
40%
Élisabec
39%
Opélie
39%
Rodrigue
39%
Jacqu'O
37%
Follet
36%
Blanca
32%
Gullivarr
32%
Don
31%
Roberto
31%
Castor
29%
Lazare
29%
Mamayéti
29%
Mantin
29%
Papayéti
29%
Morris
28%
Dindou
25%
Cathie
24%
Hélium
24%
Chausset
23%
Cornimer
23%
Djarod
21%
Lila
21%
Liliane
21%
Maret
21%
Gratien
19%
Mamiral
19%
Titiyéti
19%
Morsicus
17%
Shivava
13%
Sensei
12%
Cathou
10%
Larzac
3%
Aucun quiz correspondant
Distribution des résultats
% des personnes avec chaque résultat
Percentile par nombre de réponses
Votre historique - résultats
Vous n’avez pas pris ce quiz depuis la dernière actualisation